Pretty Little Liars nom des episodes des saisons 5-7 - Statistiques

Statistiques générales
  • Ce quiz a été pris 4 fois
  • Le résultat moyen est 25 sur 66
Statistiques - réponses
Hint Réponse % Correct
5-14 A travers une vitre teintée
67%
6-10 Charles, y est-tu ?
67%
5-13 Comment "A" a volé Noël
67%
5-21 Encore du sang !
67%
5-25 Entre les mains de "A"
67%
5-1 Fuir New-York
67%
5-6 Fuis, Ali, fuis
67%
512 Jusqu'à la tombe
67%
5-17 Le baril du péché
67%
7-8 Le club des ex
67%
5-7 Le silence d'Eddie
67%
6-1 Les jeux sont faits
67%
7-1 L'heure tourne, les pétasses
67%
6-4 Retour à la case départ
67%
5-20 Sang pour sang
67%
6-20 Taisez-vous, douces menteuses
67%
7-19 Adieu ma chérie
33%
7-13 A toi de jouer, Hanna
33%
5-9 Ca y est, tu me vois ?
33%
6-5 Ce n'est pas un ange
33%
5-15 Chair fraîche
33%
6-3 Chants de l'expérience
33%
6-2 Chants de l'innocence
33%
7-18 Choisir ou perdre
33%
7-4 Délit de fuite(s)
33%
7-17 De nouveaux départs ?
33%
6-19 Des ex bien utiles
33%
7-15 Elle ou moi
33%
5-2 En un battement de cils
33%
6-8 Exposées
33%
7-5 Il faut faire avec Mary
33%
6-9 La dernière danse
33%
5-23 La même chanson
33%
5-19 L'amour, quel chaos !
33%
6-16 Là où quelqu'un m'attend
33%
7-9 La revanche de Noël Kahn
33%
6-12 La toile de Charlotte
33%
5-8 Le chœur a ses raisons...
33%
5-5 Le complexe de la poupée
33%
5-4 Le mensonge de trop
33%
6-13 Les gants
33%
7-3 Le talentueux monsieur Rollins
33%
7-6 L'homme de la photo
33%
6-15 Ne pas déranger
33%
6-7 Ô mon frère, où est-tu ?
33%
6-17 On a tous des valises
33%
6-18 On ne joue pas avec le feu
33%
7-2 Pagaille
33%
7-14 Parents biologiques
33%
6-6 Partir loin, loin, loin ?
33%
7-10 Preuves ADN
33%
5-22 Preuves à l'appui
33%
6-11 Retour à Rosewood
33%
5-10 Sombre Alison
33%
5-18 Souvenirs difficiles
33%
7-12 Tel est pris qui croyait prendre...
33%
5-3 Une rentrée tumultueuse
33%
5-24 Vite, un témoin !
33%
5-16 Vous avez un nouveau message
33%
5-11 De mauvaises pensées
0%
7-20 Jusqu'à ce que la mort nous sépare, 1re partie
0%
7-21 Jusqu'à ce que la mort nous sépare, 2e partie
0%
7-16 La vengence d'Arcturus
0%
7-7 On n'est vraiment à l'abri à Rosewood
0%
7-11 Une dernière partei
0%
6-14 Vous avez un message
0%
Aucun quiz correspondant
Distribution des résultats
% des personnes avec chaque résultat
Percentile par nombre de réponses
Votre historique - résultats
Vous n’avez pas pris ce quiz